Ίστωρ: περιοδική ιστορική έκδοση
Αποθηκεύτηκε σε:
| Μορφή: | Περιοδική έκδοση |
|---|---|
| Γλώσσα: | Greek |
| Δημοσίευση: |
Αθήνα :
Ε. Σκορδύλης,
1990-
|
| Θέματα: | |
| Ετικέτες: |
Προσθήκη ετικέτας
Δεν υπάρχουν, Καταχωρήστε ετικέτα πρώτοι!
|
MARC
| LEADER | 00000cas a2200000 i 4500 | ||
|---|---|---|---|
| 001 | 1/52184 | ||
| 008 | 040319c19909999gr |||||||||||| ||gre|| | ||
| 022 | |a 1105-2791 | ||
| 035 | |l 10072876 | ||
| 040 | |a GR-My-Ua |b gre |e AACR2 | ||
| 041 | 0 | |a gre | |
| 082 | 0 | |a 905 |2 (23) | |
| 222 | 0 | |a Ίστωρ | |
| 245 | 1 | 0 | |a Ίστωρ: |h [περιοδικό] |b περιοδική ιστορική έκδοση |
| 260 | |a Αθήνα : |b Ε. Σκορδύλης, |c 1990- | ||
| 300 | |a τ. : |b εικ. ; |c 24 εκ. | ||
| 310 | |a Ακανόνιστο, |b 1990- | ||
| 362 | 0 | |a Τεύχος 1 (1990) - | |
| 500 | |3 Η βιβλιοθήκη του παραρτήματος Ρόδου έχει στο αρχείο της τα εξής τεύχη του περιοδικού: Τεύχος 3 (1991), τεύχος 6 (1993), τεύχος 7 (1994). | ||
| 650 | 0 | 0 | |a History |x Periodicals. |
| 651 | 0 | |a Greece |x History |x Periodicals. | |
| 651 | 0 | |a Greece |x Politics and government |x Periodicals. | |
| 853 | |a INST |b LESVOS |c SER |h 905 | ||
| 853 | |a INST |b RHODES |c SER |h 905 | ||
| 920 | |a Δωρεά Βιβλιοθήκης |b 1990-01 | ||
| 922 | |a 4ΕΛΗ |b 1990-01 | ||
| 970 | |a Χοροζίδου |b Τζένη |z 2004-03-19 | ||